[Event "Chioggia op-C 14th"]
[Site "Chioggia"]
[Date "2019.10.06"]
[Round "5"]
[White "Pojer, Marco"]
[Black "Ferlini, Claudio"]
[Result "1-0"]
[WhiteElo "1117"]
[BlackElo "1290"]
[PlyCount "81"]
[EventDate "2019.10.04"]
[EventType "swiss"]
[EventRounds "5"]
[EventCountry "ITA"]
[SourceTitle "EXT 2022"]
[Source "ChessBase"]
[SourceDate "2021.10.06"]
[SourceVersion "1"]
[SourceVersionDate "2021.10.06"]
[SourceQuality "1"]

1. c4 Nf6 2. Nc3 e6 3. d3 d6 4. Nf3 Nbd7 5. Qa4 Be7 6. g3 0-0 7. Bg2 Nc5 8. Qc2 c6 9. b4 Ncd7 10. a3 Qb6 11. 0-0 Re8 12. Bb2 e5 13. Rab1 h6 14. b5 Nc5 15. bxc6 bxc6 16. Bc1 Qc7 17. Be3 Ne6 18. Rb3 Bd7 19. Rfb1 Rab8 20. h3 Rxb3 21. Rxb3 Rc8 22. Qb2 Nd8 23. Kh2 Kh8 24. Nd2 Bf5 25. Nde4 Ng8 26. f4 f6 27. g4 exf4 28. Bxf4 Be6 29. Nc5 g5 30. Nxe6 Nxe6 31. Rb7 Qd8 32. Be3 d5 33. cxd5 Bd6+ 34. Kh1 cxd5 35. Bxd5 Qe8 36. Ne4 Be5 37. Qb3 Ne7 38. Bxe6 Rc3 39. Nxc3 Ng6 40. Bd4 Nf8 41. Bxe5 1-0

[Event "Chioggia op-C 14th"]
[Site "Chioggia"]
[Date "2019.10.05"]
[Round "3"]
[White "Gallo, Fausto"]
[Black "Pojer, Marco"]
[Result "1/2-1/2"]
[WhiteElo "1468"]
[BlackElo "1117"]
[PlyCount "59"]
[EventDate "2019.10.04"]
[EventType "swiss"]
[EventRounds "5"]
[EventCountry "ITA"]
[SourceTitle "EXT 2022"]
[Source "ChessBase"]
[SourceDate "2021.10.06"]
[SourceVersion "1"]
[SourceVersionDate "2021.10.06"]
[SourceQuality "1"]

1. d4 Nf6 2. c4 e6 3. Nc3 d5 4. Bg5 Be7 5. e3 b6 6. cxd5 Nxd5 7. Bxe7 Nxe7 8. Nf3 0-0 9. Bd3 Bb7 10. 0-0 Nd7 11. Rc1 c5 12. Be4 Bxe4 13. Nxe4 Qb8 14. dxc5 Nxc5 15. Nxc5 bxc5 16. Qc2 Rc8 17. Rfd1 Nd5 18. a3 h6 19. Nd2 Qc7 20. b4 cxb4 21. Qxc7 Rxc7 22. Rxc7 Nxc7 23. axb4 a5 24. bxa5 Rxa5 25. Nf3 Kf8 26. g3 Ke7 27. Nd4 Rc5 28. Ra1 g6 29. Kg2 e5 30. Nb3 1/2-1/2